000 01145nab a22002297a 4500
999 _c5486
_d5486
003 OSt
005 20251205121412.0
008 190502c xxu||||| |||| 00| 0 spa d
040 _cPJ
100 _aSandhagen, Alberto
_94831
245 1 3 _aLa notificación personal de la sentencia condenatoria /
_cAlberto Sandhagen.
260 _aCiudad Autónoma de Buenos Aires :
_bThomson Reuters La Ley,
_c2025.
300 _ap. 35-48
500 _aCita Online: AR/DOC/204/2025.
505 _aSumario: I. Objeto del trabajo.— II. Antecedentes en las instancias ordinarias.— III. Antecedentes en la instancia extraordinaria.— IV. Reflexiones sobre la notificación personal a la persona sometida a proceso.— V. Reflexiones finales.
505 _tFallo comentado: CS ~ 08/10/2024 ~ V., C. A. y otro s/ robo.
505 _t¿Te interesa el texto completo? Solicitalo al correo: koha@justierradelfuego.gov.ar
650 0 _9343
_aDERECHO PENAL
650 0 _95741
_aSENTENCIA CONDENATORIA
773 0 _02729
_93180
_dBuenos Aires : LexisNexis, 2006-
_tRevista de derecho penal y procesal penal. Nº 4 - Abril 2025
_z9875920622
942 _2udc
_cANA